01311cam a22002895a 45000010009000000050017000090080041000260200018000670400083000850820019001682450076001872600037002633000033003004900064003335000024003975040041004215050178004626500061006406500039007016500052007406510010007926530026008027000026008289420008008549990017008629520142008791723138520160907153833.0120329t2012 gw a frb 001 0 eng d a9783642242908 aBTCTAbengcBTCTAdUKMGBdBWXdYDXCPdIXAdCDXdIEDUBdTXIdBETdDLCdEG-ScBUE04a005.1222bSOF00aSoftware process definition and management /cJurgen Munch ... [et al.] aHeidelberg :bSpringer,cc.2012. axx, 235 p. :bill. ;c25 cm.0 aFraunhofer IESE series on software and systems engineering. aIndex : p. 233-235. aIncludes bibliographical references.0 aPrescriptive process models -- Descriptive process models -- Process modeling notations and tools -- Process improvement -- Empirical studies -- Software process simulation. 7aComputer softwarexDevelopmentxManagement.2BUEsh94806 7aSoftware engineering.2BUEsh93832 7aSoftware engineeringxManagement.2BUEsh911290 2BUEsh bCOMSCIcSeptember20161 aMunch, Jurgen,d1968- 2ddc c22333d22305 00102ddc40708BaccahaMAINbMAINcLOWd2016-09-07ePurchaseg665.00h2000088l0o005.1 SOFp000033595r2025-07-15 00:00:00v831.25yBB